Commodities and capabilities / (Record no. 28189)
[ view plain ]
| 000 -LEADER | |
|---|---|
| fixed length control field | 00950nam a2200277 a 4500 |
| 001 - CONTROL NUMBER | |
| control field | 28189 |
| 003 - CONTROL NUMBER IDENTIFIER | |
| rucl marc code | BD-RjUL |
| 005 - DATE AND TIME OF LATEST TRANSACTION | |
| control field | 20211209051241.0 |
| 008 - FIXED-LENGTH DATA ELEMENTS--GENERAL INFORMATION | |
| fixed length control field | 140329r20101999ii a b 001 0 eng d |
| 020 ## - INTERNATIONAL STANDARD BOOK NUMBER | |
| International Standard Book Number | 0195650387 |
| 035 ## - SYSTEM CONTROL NUMBER | |
| System control number | (BD-RjUL)28270 |
| 040 ## - CATALOGING SOURCE | |
| Original cataloging agency | BD-RjUL |
| Language of cataloging | eng |
| Transcribing agency | BD-RjUL |
| 041 ## - LANGUAGE CODE | |
| Language code of text/sound track or separate title | eng |
| 082 ## - DEWEY DECIMAL CLASSIFICATION NUMBER | |
| Classification number | 330.1556092 |
| Author mark and year | SEC 2010 |
| 100 1# - MAIN ENTRY--PERSONAL NAME | |
| Personal name | Sen, Amartya, |
| Dates associated with a name | 1933- |
| 9 (RLIN) | 5662 |
| 245 10 - TITLE STATEMENT | |
| Title | Commodities and capabilities / |
| Statement of responsibility, etc. | Amartya Sen. |
| 260 ## - PUBLICATION, DISTRIBUTION, ETC. (IMPRINT) | |
| Place of publication, distribution, etc. | Delhi : |
| Name of publisher, distributor, etc. | Oxford University Press, |
| Date of publication, distribution, etc. | c1999 [Reprinted 2010]. |
| 300 ## - PHYSICAL DESCRIPTION | |
| Pagination | 89 p. : |
| Illustrations | ill. ; |
| Size | 22 cm. |
| 500 ## - GENERAL NOTE | |
| General note | "... based on [the author's] Hennipman Lecture at the University of Amsterdam in April 1982"--Pref. |
| General note | First published: Amsterdam : North-Holland, 1985. |
| 504 ## - BIBLIOGRAPHY, ETC. NOTE | |
| Bibliography, etc | Includes bibliographical references and indexes |
| 600 #0 - SUBJECT ADDED ENTRY--PERSONAL NAME | |
| Personal name | Sen, Amartya, |
| Dates associated with a name | 1933- |
| 650 #0 - SUBJECT ADDED ENTRY--TOPICAL TERM | |
| Topical term or geographic name as entry element | Welfare economics. |
| 9 (RLIN) | 6319 |
| 830 #0 - SERIES ADDED ENTRY--UNIFORM TITLE | |
| Uniform title | Oxford India paperbacks |
| 942 ## - ADDED ENTRY ELEMENTS (KOHA) | |
| Source of classification or shelving scheme | Dewey Decimal Classification |
| Koha item type | Books |
| Lost status | Source of classification or shelving scheme | Damaged status | Not for loan | Collection code | Permanent Location | Current Location | Shelving location | Date acquired | Source of acquisition | Cost, normal purchase price | Total Checkouts | Full call number | Date last seen | Copy number | Koha item type |
|---|---|---|---|---|---|---|---|---|---|---|---|---|---|---|---|
| Dewey Decimal Classification | Added to bundle | Non-fiction | Central Library, University of Rajshahi | Central Library, University of Rajshahi | Reading Room | 27/03/2014 | Dhaka, Trim Education. | 308.00 | 330.1556092 SEC 2010 | 29/03/2014 | C-1 | Books |